[Event "EU-ch Online U2300 Qual"]
[Site "Chess.com INT"]
[Date "2020.05.25"]
[Round "7"]
[White "Lebediantsev, Ruslan"]
[Black "Grebnev, Aleksey"]
[Result "1/2-1/2"]
[WhiteElo "2075"]
[BlackElo "2223"]
[PlyCount "29"]
[EventDate "2020.05.25"]
[EventType "swiss"]
[EventRounds "8"]
[EventCountry "NET"]
[SourceTitle "EXT 2021"]
[Source "ChessBase"]
[SourceDate "2020.10.23"]
[SourceVersion "1"]
[SourceVersionDate "2020.10.23"]
[SourceQuality "1"]

1. e4 e6 2. d4 d5 3. Nc3 Bb4 4. Nge2 dxe4 5. a3 Be7 6. Nxe4 Nf6 7. N2g3 0-0 8. c3 b6 9. Bd3 Bb7 10. Qe2 Nbd7 11. 0-0 c5 12. dxc5 Nxc5 13. Nxc5 Bxc5 14. Bg5 Be7 15. Rad1 1/2-1/2

[Event "EU-ch Online U2300 Qual"]
[Site "Chess.com INT"]
[Date "2020.05.25"]
[Round "3"]
[White "Lebediantsev, Ruslan"]
[Black "Hasanagic, Anel"]
[Result "1/2-1/2"]
[WhiteElo "2075"]
[BlackElo "2235"]
[PlyCount "51"]
[EventDate "2020.05.25"]
[EventType "swiss"]
[EventRounds "8"]
[EventCountry "NET"]
[SourceTitle "EXT 2021"]
[Source "ChessBase"]
[SourceDate "2020.10.23"]
[SourceVersion "1"]
[SourceVersionDate "2020.10.23"]
[SourceQuality "1"]

1. e4 c6 2. d4 d5 3. exd5 cxd5 4. Bd3 Nf6 5. c3 Nc6 6. Bf4 g6 7. Nf3 Bg7 8. h3 0-0 9. 0-0 Bf5 10. Bxf5 gxf5 11. Qb3 b6 12. Nbd2 Ne4 13. Rad1 e6 14. Ne1 Qh4 15. Bh2 Kh8 16. Qb5 Rac8 17. Qe2 Rg8 18. Kh1 Bf6 19. Nxe4 Qxe4 20. Qxe4 dxe4 21. f3 exf3 22. Rxf3 Kg7 23. Nd3 Rgd8 24. g4 fxg4 25. hxg4 Bg5 26. Rdf1 1/2-1/2

[Event "Pardubice op rap 25th"]
[Site "Pardubice"]
[Date "2014.07.17"]
[Round "4"]
[White "Lebediantsev, Ruslan"]
[Black "Zverina, Jan"]
[Result "1-0"]
[WhiteElo "2145"]
[BlackElo "1872"]
[PlyCount "141"]
[EventDate "2014.07.16"]
[EventType "swiss (rapid)"]
[EventRounds "9"]
[EventCountry "CZE"]
[SourceTitle "EXT 2015"]
[Source "ChessBase"]
[SourceDate "2014.11.20"]
[SourceVersion "1"]
[SourceVersionDate "2014.11.20"]
[SourceQuality "1"]

1. e4 e6 2. d4 d5 3. Nc3 Bb4 4. Nge2 dxe4 5. a3 Be7 6. Nxe4 Nf6 7. N2g3 0-0 8. c3 Nxe4 9. Nxe4 Nd7 10. Bd3 Nf6 11. Qe2 Nxe4 12. Qxe4 f5 13. Qe2 Qd5 14. 0-0 c5 15. Bc4 Qe4 16. Qxe4 fxe4 17. d5 b5 18. Bxb5 exd5 19. Bc6 Be6 20. Bxa8 Rxa8 21. Be3 Rc8 22. Rfd1 a6 23. Rac1 c4 24. Re1 Bf7 25. Bd4 Bd6 26. Rcd1 Bh5 27. Rd2 Bf7 28. Rb1 Bf4 29. Be3 Be5 30. Rbd1 Rd8 31. Bg5 Rd7 32. Be3 h6 33. g3 Rd8 34. Bd4 Bd6 35. Rb1 Rb8 36. b4 cxb3 37. Rdb2 Bxa3 38. Rxb3 Rxb3 39. Rxb3 Bd6 40. Rb6 Ba3 41. Rxa6 Bc1 42. Ra8+ Kh7 43. Ra7 Kg6 44. h4 Bd2 45. Kf1 h5 46. Ra6+ Kh7 47. Ke2 Bc1 48. Ra7 Kg6 49. Ra2 Bh6 50. Ra6+ Kf5 51. Be3 Bxe3 52. Kxe3 g5 53. hxg5 Kxg5 54. Ra7 Be6 55. Re7 Kf6 56. Rh7 Kg6 57. Ra7 Kf5 58. Ra6 Bf7 59. Ra5 Kg4 60. Ra7 Be6 61. Rg7+ Kf5 62. Rc7 Ke5 63. Rh7 Bg4 64. Rh6 Bf3 65. Rb6 Bg4 66. Rb5 Kd6 67. Kd4 Be6 68. Rb6+ Ke7 69. Ke5 Bg8 70. Rb7+ Kf8 71. Kf6 1-0

[Event "Pardubice op rap 25th"]
[Site "Pardubice"]
[Date "2014.07.16"]
[Round "1"]
[White "Gordievsky, Dmitry"]
[Black "Lebediantsev, Ruslan"]
[Result "1-0"]
[WhiteElo "2439"]
[BlackElo "2145"]
[PlyCount "77"]
[EventDate "2014.07.16"]
[EventType "swiss (rapid)"]
[EventRounds "9"]
[EventCountry "CZE"]
[SourceTitle "EXT 2015"]
[Source "ChessBase"]
[SourceDate "2014.11.20"]
[SourceVersion "1"]
[SourceVersionDate "2014.11.20"]
[SourceQuality "1"]

1. d4 Nf6 2. c4 e6 3. Nf3 d5 4. Nc3 Be7 5. Bg5 0-0 6. e3 Nbd7 7. Qc2 h6 8. Bh4 a6 9. cxd5 Nxd5 10. Bxe7 Nxe7 11. Rd1 b5 12. Be2 Bb7 13. 0-0 Nd5 14. Rc1 Rc8 15. Nxd5 Bxd5 16. b4 Qe7 17. a3 Rfd8 18. Rfd1 Bb7 19. Qb2 c6 20. Rd2 f6 21. Bd3 e5 22. Bf5 e4 23. Qb3+ Kh8 24. Nh4 Nf8 25. Bxc8 Rxc8 26. Nf5 Qd7 27. Ng3 f5 28. Rc5 f4 29. Nxe4 Ne6 30. Re5 fxe3 31. fxe3 Re8 32. Nc5 Nxc5 33. Rxe8+ Qxe8 34. dxc5 Bc8 35. Qd3 Qe6 36. h3 Kg8 37. e4 Kh8 38. Rf2 Qe7 39. Qd6 1-0

[Event "EU-ch rapid"]
[Site "Warsaw"]
[Date "2012.12.15"]
[Round "6"]
[White "Lebediantsev, Ruslan"]
[Black "Nurkiewicz, Maciej"]
[Result "0-1"]
[WhiteElo "2145"]
[BlackElo "2395"]
[PlyCount "122"]
[EventDate "2012.12.15"]
[EventType "swiss (rapid)"]
[EventRounds "11"]
[EventCountry "POL"]
[SourceTitle "EXT 2014"]
[Source "ChessBase"]
[SourceDate "2013.11.20"]
[SourceVersion "1"]
[SourceVersionDate "2013.11.20"]
[SourceQuality "1"]

1. e4 e5 2. Nf3 Nc6 3. Bb5 a6 4. Bxc6 dxc6 5. 0-0 f6 6. d4 exd4 7. Nxd4 c5 8. Ne2 Qxd1 9. Rxd1 Bd7 10. Bf4 0-0-0 11. Nbc3 Ne7 12. Rd2 Re8 13. Rad1 Bc6 14. f3 Ng6 15. Bg3 Be7 16. Nd5 Bd8 17. Bf2 b6 18. Bg3 Rhf8 19. c4 f5 20. Nec3 h5 21. a3 h4 22. Bf2 h3 23. b4 cxb4 24. axb4 hxg2 25. b5 axb5 26. cxb5 Bb7 27. Rc2 Kb8 28. Bg3 Rf7 29. Nxb6 f4 30. Nd7+ Kc8 31. Nb6+ cxb6 32. Nd5+ Kb8 33. Bf2 Bxd5 34. Rxd5 Ne5 35. Kxg2 Rf6 36. Rcd2 Rg6+ 37. Kf1 Bc7 38. Ke2 Kb7 39. h4 Ra8 40. h5 Re6 41. Bd4 Rae8 42. Rc2 R8e7 43. Rc1 Nd7 44. Rg1 Be5 45. Bf2 Nf6 46. Rd8 Nxh5 47. Rh1 g6 48. Rhd1 Rc7 49. R1d2 Ng3+ 50. Bxg3 fxg3 51. Rf8 Bd6 52. Rg8 Rc8 53. Rg7+ Kb8 54. Rd7 Bb4 55. Rb2 Re7 56. Rxe7 Bxe7 57. f4 Rc3 58. Rd2 Bc5 59. Rd8+ Kc7 60. Rg8 g2 61. Rg7+ Kd8 0-1

[Event "Voronezh op-B 15th"]
[Site "Voronezh"]
[Date "2011.06.20"]
[Round "9"]
[White "Lebediantsev, Ruslan"]
[Black "Potapov, Alexander"]
[Result "1-0"]
[WhiteElo "2137"]
[BlackElo "2243"]
[PlyCount "77"]
[EventDate "2011.06.12"]
[EventType "swiss"]
[EventRounds "9"]
[EventCountry "RUS"]
[SourceTitle "CBM 143 Extra"]
[Source "ChessBase"]
[SourceDate "2011.08.29"]
[SourceVersion "1"]
[SourceVersionDate "2011.08.29"]
[SourceQuality "1"]

1. e4 c5 2. Nf3 d6 3. d4 cxd4 4. Nxd4 Nf6 5. Nc3 g6 6. f3 Bg7 7. Be3 a6 8. Qd2 Nbd7 9. Bc4 b5 10. Bb3 Nc5 11. 0-0-0 Bb7 12. Kb1 Rc8 13. g4 Nxb3 14. Nxb3 Qc7 15. Bd4 0-0 16. h4 Rfd8 17. Qf2 Nd7 18. Bxg7 Kxg7 19. h5 Ne5 20. hxg6 hxg6 21. f4 Nc4 22. f5 Ne5 23. g5 gxf5 24. Nd4 e6 25. exf5 Bxh1 26. fxe6 Bf3 27. Nxf3 Nxf3 28. Qxf3 Qe7 29. exf7 Qxf7 30. Qd3 Rc4 31. b3 Rf4 32. Nd5 Rf3 33. Qd4+ Kg6 34. Qe4+ Kg7 35. Nf6 Rh3 36. Rf1 Qa7 37. Ne8+ Rxe8 38. Qxe8 Rh8 39. Qe6 1-0

[Event "Voronezh op-B 15th"]
[Site "Voronezh"]
[Date "2011.06.14"]
[Round "3"]
[White "Lebediantsev, Ruslan"]
[Black "Krekoten, Vladimir"]
[Result "1-0"]
[WhiteElo "2137"]
[BlackElo "1900"]
[PlyCount "71"]
[EventDate "2011.06.12"]
[EventType "swiss"]
[EventRounds "9"]
[EventCountry "RUS"]
[SourceTitle "CBM 143 Extra"]
[Source "ChessBase"]
[SourceDate "2011.08.29"]
[SourceVersion "1"]
[SourceVersionDate "2011.08.29"]
[SourceQuality "1"]

1. e4 c5 2. Nf3 d6 3. d4 cxd4 4. Nxd4 a6 5. Nc3 Nf6 6. f3 b5 7. Be3 Bb7 8. Qd2 Nbd7 9. 0-0-0 e6 10. g4 Nb6 11. Qf2 Be7 12. Nxe6 fxe6 13. Bxb6 Qd7 14. g5 Nh5 15. Qh4 g6 16. Bh3 Qc6 17. Bd4 e5 18. Bxe5 dxe5 19. Bd7+ Qxd7 20. Rxd7 Kxd7 21. Qg4+ Kc7 22. Rd1 Rad8 23. Nd5+ Bxd5 24. exd5 Rd6 25. Qb4 Bxg5+ 26. Kb1 Rhd8 27. Qc5+ Kb7 28. a4 Nf4 29. axb5 a5 30. c4 Ne6 31. Qg1 Bf6 32. c5 Rxd5 33. Rxd5 Rxd5 34. c6+ Kc7 35. Qa7+ Kd6 36. Qd7+ 1-0

[Event "Orel"]
[Site "Orel"]
[Date "2009.07.04"]
[Round "9"]
[White "Lebediantsev, Ruslan"]
[Black "Pendurin, Evgeniy"]
[Result "0-1"]
[WhiteElo "2182"]
[BlackElo "2106"]
[PlyCount "40"]
[EventDate "2009.06.26"]
[EventType "tourn"]
[EventRounds "9"]
[EventCountry "RUS"]
[EventCategory "1"]
[SourceTitle "CBM 131 Extra"]
[Source "ChessBase"]
[SourceDate "2009.09.03"]
[SourceVersion "2"]
[SourceVersionDate "2009.09.16"]
[SourceQuality "1"]

1. e4 c5 2. Nc3 e6 3. g3 Nc6 4. Bg2 g6 5. d3 Bg7 6. Be3 d6 7. Qd2 a6 8. Nge2 Nd4 9. Nd1 Ne7 10. Nxd4 cxd4 11. Bh6 0-0 12. h4 f6 13. h5 Bxh6 14. Qxh6 g5 15. f4 Kh8 16. fxg5 Ng8 17. Qxf8 Qxf8 18. 0-0 e5 19. gxf6 Nxf6 20. Nf2 Qg7 0-1

[Event "Orel"]
[Site "Orel"]
[Date "2009.06.29"]
[Round "4"]
[White "Lebediantsev, Ruslan"]
[Black "Platonov, Evgeny"]
[Result "1-0"]
[WhiteElo "2182"]
[BlackElo "2337"]
[PlyCount "63"]
[EventDate "2009.06.26"]
[EventType "tourn"]
[EventRounds "9"]
[EventCountry "RUS"]
[EventCategory "1"]
[SourceTitle "CBM 131 Extra"]
[Source "ChessBase"]
[SourceDate "2009.09.03"]
[SourceVersion "2"]
[SourceVersionDate "2009.09.16"]
[SourceQuality "1"]

1. e4 c5 2. Nf3 e6 3. c4 Nc6 4. Nc3 Qc7 5. Be2 a6 6. 0-0 Nd4 7. d3 Bd6 8. h3 Bf4 9. Bxf4 Qxf4 10. Nxd4 cxd4 11. Na4 Nf6 12. Nb6 Rb8 13. b4 Qc7 14. c5 d6 15. Rc1 0-0 16. Nxc8 Rfxc8 17. Qb3 Nd7 18. cxd6 Qxd6 19. a4 Rc6 20. Rc4 b5 21. Rxc6 Qxc6 22. Ra1 a5 23. bxa5 b4 24. Rb1 Qc3 25. a6 Qc5 26. Qc4 Qxc4 27. dxc4 b3 28. a7 Ra8 29. Rxb3 Rxa7 30. c5 Kf8 31. c6 Nc5 32. Rb5 1-0

[Event "Central FO-ch"]
[Site "Gagarin"]
[Date "2009.05.05"]
[Round "7"]
[White "Lebediantsev, Ruslan"]
[Black "Benza, Artem"]
[Result "0-1"]
[WhiteElo "2182"]
[BlackElo "2272"]
[PlyCount "88"]
[EventDate "2009.05.01"]
[EventType "swiss"]
[EventRounds "9"]
[EventCountry "RUS"]
[SourceTitle "CBM 130 Extra"]
[Source "ChessBase"]
[SourceDate "2009.07.02"]
[SourceVersion "2"]
[SourceVersionDate "2009.07.15"]
[SourceQuality "1"]

1. e4 c5 2. Nf3 d6 3. d4 cxd4 4. Nxd4 Nf6 5. Nc3 a6 6. Bg5 e6 7. f4 Be7 8. Qf3 Nbd7 9. 0-0-0 h6 10. Bxf6 Bxf6 11. Bc4 Qb6 12. Nxe6 fxe6 13. Bxe6 Nf8 14. Bb3 Be6 15. Bxe6 Bxc3 16. Bf7+ Kxf7 17. Qxc3 Ne6 18. f5 Ng5 19. Qc4+ Ke7 20. h4 Rhc8 21. Qd5 Nf7 22. Qe6+ Kf8 23. f6 Qe3+ 24. Kb1 Re8 25. fxg7+ Kg8 26. Qf6 Qxe4 27. a3 Re6 28. Qc3 Qxg2 29. Rhf1 Qc6 30. Qb3 Rae8 31. Ka2 b5 32. Rf4 R8e7 33. Rdf1 d5 34. Qf3 Qxc2 35. Rf2 Qc6 36. Rd2 Re4 37. Rf6 Qc4+ 38. b3 Qc1 39. Qd1 Qxd1 40. Rxd1 R7e6 41. Rf5 R4e5 42. Rf3 Kxg7 43. Rfd3 Re4 44. Rg1+ Rg6 0-1

[Event "Central FO-ch"]
[Site "Gagarin"]
[Date "2009.05.01"]
[Round "1"]
[White "Novikov, Maxim"]
[Black "Lebediantsev, Ruslan"]
[Result "1-0"]
[WhiteElo "2520"]
[BlackElo "2182"]
[PlyCount "43"]
[EventDate "2009.05.01"]
[EventType "swiss"]
[EventRounds "9"]
[EventCountry "RUS"]
[SourceTitle "CBM 130 Extra"]
[Source "ChessBase"]
[SourceDate "2009.07.02"]
[SourceVersion "2"]
[SourceVersionDate "2009.07.15"]
[SourceQuality "1"]

1. e4 c5 2. Nf3 e6 3. c4 Nc6 4. Nc3 Nf6 5. Be2 Be7 6. 0-0 0-0 7. d4 cxd4 8. Nxd4 a6 9. Be3 Qc7 10. Rc1 d6 11. f3 Nxd4 12. Qxd4 Bd7 13. Rfd1 Bc6 14. Nd5 Bxd5 15. cxd5 Qd7 16. dxe6 fxe6 17. Bc4 Rfd8 18. e5 Ne8 19. Qg4 d5 20. Bb6 Rdc8 21. Rxd5 Qc6 22. Rd6 1-0